000 00697nam a22002417a 4500
005 20170124110030.0
010 _aA-710038
020 _c150.00
_a8185061467
035 _aA-710038
037 _bCen Lib/Ret
040 _aDPL
_bEN
082 _a468
_bBHA
100 _aBhat, Roopkrishen
_921509
245 _aA descriptive study of Kashmiri /
_cby Roopkrishen Bhat
260 _a Delhi
_bAmar Prakashan
_c1987
270 _aA1/139B,Lawrence Road
_b Delhi
_e110035
300 _a172p.
_c21cm(Hb)
500 _aIncludes bibliographical reference
650 _aLinguistics
_921510
650 _aKashmiri studies
_921511
700 _920986
942 _2ddc
_cEN
_h468
_mBHA
999 _c127774
_d127774